Protestantismos y procesos sociales en Centroamérica /

Gardado en:
Detalles Bibliográficos
Autor Principal: Samandú, Luis E.
Autor Corporativo: CSUCA. Programa Centroamericano de Investigaciones
Outros autores: comp
Formato: Texto
Publicado: San José: EDUCA
Etiquetas: Engadir etiqueta
Sen Etiquetas, Sexa o primeiro en etiquetar este rexistro!

MARC

LEADER 00000 a a2200000 04500
001 22156
003
040
020 |a 9977-30-172-7  
090 |a 150100  
100 |a Samandú, Luis E.  
110 |a CSUCA. Programa Centroamericano de Investigaciones  
245 |a Protestantismos y procesos sociales en Centroamérica /  |c Luis E. Samandú  
260 |a San José:   |b EDUCA  
300 |a 302 p.   |b **no definido**  
700 |a comp  
999 |c 1468  |d 1468